|
|
|
|
| LEADER |
00000cam a2200000 4500 |
| 001 |
vtls012084296 |
| 003 |
SK-MaSNL |
| 005 |
20260302094653.0 |
| 008 |
220121s2021 xo o grf 000 0 slo |
| 015 |
|
|
|a SNBA2022/03
|
| 020 |
|
|
|a 9788082040497
|q (viazané)
|
| 040 |
|
|
|a SNK
|b slo
|c SNK
|e rda
|
| 041 |
1 |
|
|a slo
|h hun
|
| 044 |
|
|
|a xo
|c SK
|
| 072 |
|
7 |
|a 641
|x Kuchárstvo. Potraviny. Varené jedlá
|2 konspekt
|
| 080 |
|
|
|a 641.55
|2 2011
|
| 080 |
|
|
|a (083.12)
|2 2011
|
| 080 |
|
|
|a (035)
|2 2011
|
| 100 |
1 |
|
|a Liptai, Zoltán,
|d 1976-
|4 aut
|9 158039
|
| 245 |
1 |
0 |
|a Jednoduché recepty z kvásku
|c Zoltán Liptai ; fotografie: István Ruff ; preklad: Monika Dénesová
|
| 246 |
3 |
0 |
|a Z kvásku
|
| 250 |
|
|
|a Prvé vydanie
|
| 264 |
|
1 |
|a [Nesvady]
|b Foni book
|c 2021
|
| 300 |
|
|
|a 159 strán
|b farebné fotografie
|c 25 cm
|
| 336 |
|
|
|a text
|b txt
|2 rdacontent
|
| 336 |
|
|
|a statický obraz
|b sti
|2 rdacontent
|
| 337 |
|
|
|a bez média
|b n
|2 rdamedia
|
| 338 |
|
|
|a zväzok
|b nc
|2 rdacarrier
|
| 500 |
|
|
|a Miesto vydania podľa NA ISBN
|
| 500 |
|
|
|a Preložené pravdepodobne z maďarčiny
|
| 650 |
0 |
7 |
|a jedlá
|2 SNKPH
|
| 650 |
0 |
7 |
|a Meals
|2 SNKPHeng
|9 311382
|
| 650 |
0 |
7 |
|a kvások
|2 SNKPH
|9 492040
|
| 655 |
|
7 |
|a kuchárske recepty
|2 SNKPH
|9 70493
|
| 655 |
|
7 |
|a Cookbooks
|2 SNKPHeng
|9 270340
|
| 655 |
|
7 |
|a príručky
|2 SNKPH
|9 74364
|
| 655 |
|
7 |
|a Handbooks, manuals, etc.
|2 SNKPHeng
|9 90964
|
| 700 |
1 |
|
|a Ruff, István
|4 pht
|9 53754
|
| 700 |
1 |
|
|a Dénesová, Monika
|4 trl
|9 336082
|
| 919 |
|
|
|a 978-80-8204-049-7
|
| 958 |
|
|
|a OP
|
| 958 |
|
|
|a HU
|
| 999 |
|
|
|c 1214059
|d 1215989
|
| 952 |
|
|
|a SNK
|b SNK
|y PREZ
|7 0
|p 17A1478440
|o snkSC 195947
|i snk2022/1117
|8 0
|0 0
|1 0
|4 0
|d 2022-01-21
|f 1
|l 0
|r 2025-10-15 00:00:00
|w 2026-02-24
|
| 952 |
|
|
|a SNK
|b SNK
|y VYP
|7 0
|p 17A1478441
|o snkSC 195947 D1
|i snk2022/1118
|8 0
|0 0
|1 0
|4 0
|d 2022-01-21
|l 0
|r 2026-02-24 23:23:15
|w 2026-02-24
|